Valoración económica del patrimonio cultural /

Сохранить в:
Библиографические подробности
Главный автор: Sanz Lara, José Angel (autor)
Формат:
Язык:испанский
Опубликовано: Gijón, España : Trea, 2004, c2004
Серии:(Biblioteconomía y Administración Cultural ; 110)
Предметы:
Метки: Добавить метку
Нет меток, Требуется 1-ая метка записи!

MARC

LEADER 00000nam^a2200000^a^4500
001 000194612
005 20250521000000.0
009 20260310102722.158
020 |a 84-9704-143-7 
037 |a Acervo ITESO - Biblioteca 
041 |a ESP 
082 |a 719. 320681  |b SAN 
100 |a Sanz Lara, José Angel  |e (autor) 
245 1 0 |a Valoración económica del patrimonio cultural /  |c J.A. Sanz Lara. 
264 4 |a Gijón, España :  |b Trea,  |c 2004, c2004 
300 |a 286 p. 
336 |a texto  |b txt  |2 rdacontenido 
337 |a sin mediación  |b n  |2 rdamedio 
338 |a volumen  |b nc  |2 rdasoporte 
440 1 |a (Biblioteconomía y Administración Cultural ;  |v 110) 
649 |a XX 
650 |a Análisis Económico 
650 |a Valoración Patrimonial e Histórica -  |x Aspectos Económicos -  |x Tema Principal 
650 |a Cultura -  |x Aspectos Económicos 
650 |a Arte -  |x Comercio 
650 |a Arte y Sociedad 
650 |a Economía 
910 |a Fondo General 
920 |a Impresos - Libros 
930 |a Colección General 
905 |a 101 
901 |a 0500139803  |b IT1  |c ACC  |u 20250521 
902 |a https://opac.biblio.iteso.mx/vufind/Record/000194612